000 00386cam a2200169ua 4500
020 _c1.25
041 _amal
_h
082 _a894.8124
_bMRB/KI
100 _aM R B, .
245 _aKinaviloru yathra /
_cM R B.
_hTextual Documents
260 _aThrissur :
_bCurrent Books ,
_c1963.
300 _a64 ; .
365 _a1.25
504 _a
942 _cBK
999 _c5820
_d5820